000 02529nam0a2200481 i 4500
001 RU\NLR\bibl\1974422
005 20260408084151.0
010 _a9785768107673
_9500
021 _aRU
_b2012-86533
_96410
035 _a(nilc)RSL-KNO-005527326
035 _a(NLR Aleph) 001963217
090 _a3854112
_c3854112
100 _a20121119d2012 u y0rusy50 ca
101 0 _arus
102 _aRU
105 _ay |||||||||
200 1 _aЛингвокультурологическое описание лексико-семантических единиц категории состояния (на материалах индоевропейских языков)
_eмонография
_f[Н. А. Боженкова, Р.К. Боженкова, И.А. Диневич, Г.Н. Майерс]
_gМинобрнауки России, Федеральное гос. бюджетное образовательное учреждение высш. проф. образования "Юго-Западный гос. ун-т" (ЮЗГУ)
210 _aКурск
_cЮго-Западный государственный университет
_d2012
215 _a102 с.
_d21
300 _aАвт. указаны на обороте тит. л.
320 _aБиблиогр.: с. 90-102
606 1 _aЯзык и культура
_9990965
_3RU\NLR\auth\6656388
606 1 _aИндоевропейские языки
_xКатегория состояния
_92146408
_3RU\NLR\auth\661597761
606 1 _aИндоевропейские языки
_xСемантика
_91180412
_3RU\NLR\auth\66474940
686 _aШ143.21-212.95,0
_2rubbk
686 _aШ143.21-32,0
_2rubbk
686 _aШ143.24-212.95,0
_2rubbk
686 _aШ143.24-32,0
_2rubbk
686 _aШ141.2-212.95,0
_2rubbk
686 _aШ141.2-32,0
_2rubbk
686 _aШ100.33
686 _aШ140/159-32
701 1 _aБоженкова
_bН. А.
_gНаталья Александровна
_4070
701 1 _aБоженкова
_bР. К.
_gРаиса Константиновна
_4070
701 1 _aДиневич
_bИ. А.
_gИрина Александровна
_4070
701 1 _aМайерс
_bГ. Н.
_gГалина Николаевна
_4070
712 0 2 _4570
_aЮго-Западный государственный университет
_cКурск
_3RU\NLR\AUTH\8810182868
_9862443
801 0 _aRU
_bRuMoRKP
_c20121119
_grcr
801 1 _aRU
_bРГБ
_c20121119
801 2 _aRU
_bNLR
_c20121203
_grcr
942 _cBOOK
980 _aNBR